000
00221nam a22000857a 4500
008
160711b xxu||||| |||| 00| 0 eng d
100
_9
2545
_a
Thampu, V
245
_a
Aids: Heresy & Prophecy
260
_a
New Delhi
_b
TRACI
_c
1993
999
_c
2211
_d
2211